000 00482nam a2200181Ia 4500
008 131103s9999 xx 000 0 und d
040 _aLoreto College
041 _aEnglish
082 _a843/DUM
_bLCLIB/13552
100 _aDumas, Alexandre
245 4 _aThe forty - five guardsmen
_cAlexandre Dumas
260 _aLondon
_bCollins
_c1955
300 _a640p.
_c 18cm.
504 _aIncludes bibliography
650 _aFrench - fiction
850 _aLCLIB/843/DUM
942 _cBK
999 _c23932
_d74411